| 000 -LEADER |
| fixed length control field |
00857nam a22002177a 4500 |
| 008 - FIXED-LENGTH DATA ELEMENTS--GENERAL INFORMATION |
| fixed length control field |
250527b xxu||||| |||| 00| 0 eng d |
| 082 ## - DEWEY DECIMAL CLASSIFICATION NUMBER |
| Classification number |
791.4372 |
| Item number |
T773 |
| 245 ## - TITLE STATEMENT |
| Title |
Trap 2024 / written, produced, and directed by M. Night Shyamalan |
| Statement of responsibility, etc |
written, produced, and directed by M. Night Shyamalan |
| 260 ## - PUBLICATION, DISTRIBUTION, ETC. (IMPRINT) |
| Place of publication, distribution, etc |
New York City |
| Name of publisher, distributor, etc |
Warner Bros. Pictures |
| Date of publication, distribution, etc |
2024 |
| 300 ## - PHYSICAL DESCRIPTION |
| Extent |
1videofile, ca. 105 mins |
| Other physical details |
sound, color. |
| 520 ## - SUMMARY, ETC. |
| Summary, etc |
A man and his teenage daughter realize they're at the center of a dark and sinister event while watching a concert. |
| 650 ## - SUBJECT ADDED ENTRY--TOPICAL TERM |
| Topical term or geographic name as entry element |
Thriller |
| 650 ## - SUBJECT ADDED ENTRY--TOPICAL TERM |
| Topical term or geographic name as entry element |
Drama |
| 650 ## - SUBJECT ADDED ENTRY--TOPICAL TERM |
| Topical term or geographic name as entry element |
Psychological Thriller |
| 700 ## - ADDED ENTRY--PERSONAL NAME |
| Personal name |
Josh Hartnett, star. |
| 700 ## - ADDED ENTRY--PERSONAL NAME |
| Personal name |
Ariel Donoghue, star. |
| 700 ## - ADDED ENTRY--PERSONAL NAME |
| Personal name |
Saleka Shyamalan, star. |
| 700 ## - ADDED ENTRY--PERSONAL NAME |
| Personal name |
Sayombhu Mukdeeprom, cinematographer. |
| 700 ## - ADDED ENTRY--PERSONAL NAME |
| Personal name |
Noëmi Katharina Preiswerk, editor. |
| 942 ## - ADDED ENTRY ELEMENTS (KOHA) |
| Source of classification or shelving scheme |
|
| Item type |
Audio-Visual Materials |